Guess the Kpop Group by the Most Famous Member - Statistics

General Stats
  • This quiz has been taken 108 times
  • The average score is 10 of 12
Answer Stats
Picture Answer % Correct
Enhypen
93%
Stray Kids
93%
Ateez
89%
Aespa
81%
Ive
81%
Le Sserafim
80%
Kep1er
79%
P1Harmony
78%
Babymonster
76%
I-dle
75%
Njz / New Jeans
70%
Cortis
58%
No matching quizzes found
Score Distribution
Percent of People with Each Score
Percentile by Number Answered
Your Score History
You have not taken this quiz